|
|
|
|
| LEADER |
00000nam a2200000 a 4500 |
| 005 |
20111222121137.0 |
| 007 |
cr ||||||||||| |
| 008 |
070109s2004 sp |||||s 100 ||spa|c |
| 017 |
|
|
|a DL M. 49187-2004
|
| 020 |
|
|
|a 8497725097 (versi ̤paper)
|
| 035 |
|
|
|a 1282
|
| 040 |
|
|
|d vLex
|
| 090 |
|
|
|c 2851
|d 2851
|
| 245 |
0 |
0 |
|a Justicia, migracin̤ y derecho
|h [Recurso electrn̤ico] /
|c Laura Miraut Martn̕, editora
|
| 256 |
|
|
|a Servicio en ln̕ea
|
| 260 |
|
|
|a Madrid :
|b Dykinson,
|c cop. 2004
|
| 300 |
|
|
|a 1 recurso electrn̤ico
|
| 500 |
|
|
|a Recopilacin̤ de ponencias presentadas en: XIX Jornadas de la Sociedad Espaǫla de Filosofa̕ Jurd̕ica y Polt̕ica, celebradas en Palmas de Gran Canaria en marzo de 2003.
|
| 504 |
|
|
|a Referencias bibliogrf̀icas
|
| 506 |
1 |
|
|a Contenido solo disponible en los productos indicados
|d vLex Global
|d vLex Global (Academic Edition, excluding Law Schools)
|d vLex Global (U.S. Academic Edition, Law Schools)
|d vLex Global (U.S. Academic Edition, excluding Law Schools)
|d vLex Global (Academic Edition, Law Schools)
|
| 650 |
0 |
4 |
|a Emigracin̤ e inmigracin̤
|x Derecho
|x Congressos
|
| 650 |
0 |
4 |
|a Emigracin̤ e inmigracin̤
|x Polt̕ica gubernamental
|x Congresos
|
| 700 |
1 |
|
|a Miraut Martn̕, Laura,
|e ed.
|
| 710 |
2 |
|
|a Sociedad Espaǫla de Filosofa̕ Jurd̕ica y Polt̕ica.
|b Jornadas
|n (19es :
|d 2003 :
|c Palmas de Gran Canaria)
|
| 740 |
0 |
|
|a vLex Libros (Servicio en ln̕ea)
|
| 856 |
4 |
0 |
|z Acceso restringido
|u http://vlex.com/source/justicia-migracion-derecho-1282
|
| 942 |
|
|
|c BOOK
|
| 999 |
0 |
|
|a Emigration and immigration
|
| 999 |
0 |
|
|a Civil law
|